| 000 | 00915nam a2200253Ia 4500 | ||
|---|---|---|---|
| 003 | OSt | ||
| 005 | 20220923221046.0 | ||
| 006 | a|||||r|||| 00| 0 | ||
| 007 | ta | ||
| 008 | 220922b |||||||| |||| 00| 0 hin d | ||
| 024 | _a194,462 | ||
| 037 | _cTextual | ||
| 040 |
_aARTS _cARTS _bhin |
||
| 041 |
_2hin _ahin |
||
| 082 | _aO152,3:gN7, M9 | ||
| 100 |
_aवत्स, जितेन्द्र _9156270 |
||
| 245 | 0 | _aसाठोतरी हिन्दी कहानी और राजनीतिक चेतना | |
| 246 | _aSāṭhotarī hindī kahānī aur rājanītik chetanā | ||
| 260 |
_aकानपुर _b साहित्य रत्नाकार _c1989 |
||
| 300 |
_a270पृ. _ccm. |
||
| 650 |
_aहिन्दी साहित्य _9156264 |
||
| 942 |
_hO152,3:gN7, M9 _cTEXL _2CC |
||
| 999 |
_c346726 _d346726 |
||